CompTIA Network+ 12 - Statistics

General Stats
  • This quiz has been taken 6 times
  • The average score is 4 of 22
Answer Stats
Hint Answer % Correct
SaaS Software as a Service
100%
SCP Secure Copy Protocol
40%
SAN Storage Area Network
40%
RSTP Rapid Spanning Tree Protocol
20%
RTO Recovery Time Objective
20%
RTT Round Trip Time or Real Transfer Time
20%
SFTP Secure File Transfer Protocol
20%
SHA Secure Hash Algorithm
20%
SCSI Small Computer System Interface
20%
SFP Small Form-factor Pluggable
20%
SDN Software Defined Network
20%
SC Subscriber Connector
20%
SDSL Symmetrical Digital Subscriber Line
20%
RTP Real-Time Protocol
0%
RTSP Real-Time Streaming Protocol
0%
SECaaS Security as a Service
0%
SA Security Association
0%
SDP Session Description Protocol
0%
SGCP Simple Gateway Control Protocol
0%
SDLC Software Development Life Cycle
0%
SC Standard Connector
0%
SCADA Supervisory Control and Data Acquisition
0%
No matching quizzes found
Score Distribution
Percent of People with Each Score
Percentile by Number Answered
Your Score History
You have not taken this quiz